Smiffy blue : ace crime detective : the case of the missing ruby and other stories (Registro nro. 347798)
[ vista simple ]
| 001 - NÚMERO DE CONTROL | |
|---|---|
| campo de control | 912492 |
| 005 - FECHA Y HORA DE LA ÚLTIMA TRANSACCIÓN | |
| campo de control | 20260506154627.0 |
| 008 - DATOS DE LONGITUD FIJA--INFORMACIÓN GENERAL | |
| campo de control de longitud fija | 050304s1996 eng |
| 020 ## - NÚMERO INTERNACIONAL ESTÁNDAR DEL LIBRO | |
| Número Internacional Estándar del Libro | 0590676652 |
| 035 ## - NÚMERO DE CONTROL DEL SISTEMA | |
| Número de control de sistema | 912492 |
| 035 ## - NÚMERO DE CONTROL DEL SISTEMA | |
| Número de control de sistema | (OCoLC)777892832 |
| 040 ## - FUENTE DE LA CATALOGACIÓN | |
| Centro/agencia transcriptor | comduadb |
| 041 ## - CÓDIGO DE LENGUA | |
| Código de lengua del texto/banda sonora o título independiente | eng |
| 082 #4 - NÚMERO DE LA CLASIFICACIÓN DECIMAL DEWEY | |
| Número de clasificación | 813 |
| 100 10 - ENTRADA PRINCIPAL--NOMBRE DE PERSONA | |
| Nombre de persona | Myers, Walter Dean |
| Código de función | aut |
| Término indicativo de función/relación | Autor/a |
| 9 (RLIN) | 400444 |
| 245 10 - MENCIÓN DE TÍTULO | |
| Título | Smiffy blue : ace crime detective : the case of the missing ruby and other stories |
| 260 ## - PUBLICACIÓN, DISTRIBUCIÓN, ETC. | |
| Lugar de publicación, distribución, etc. | United States : |
| Nombre del editor, distribuidor, etc. | Scholastic, |
| Fecha de publicación, distribución, etc. | c1996. |
| 300 ## - DESCRIPCIÓN FÍSICA | |
| Extensión | 74 páginas : |
| Otras características físicas | ilustraciones |
| 942 ## - ELEMENTOS DE ENTRADA AGREGADA (KOHA) | |
| Tipo de ítem Koha | Libros |
| Estado de retiro | Estado de pérdida | Estado dañado | No para préstamo | Código de colección | Localización permanente | Ubicación/localización actual | Fecha de adquisición | Fuente de adquisición | Número de inventario | Total de préstamos | Signatura topográfica completa | Código de barras | Fecha visto por última vez | Número de copia | Precio válido a partir de | Tipo de ítem Koha |
|---|---|---|---|---|---|---|---|---|---|---|---|---|---|---|---|---|
| Colección Infantil | Biblioteca de Idiomas (BL. 12-127) | Biblioteca de Idiomas (BL. 12-127) | 04/03/2005 | Material adquirido por donación | C858236 | I 813 I/M996 | 61000004332603 | 26/04/2023 | 1 | 26/04/2023 | Libros |